<?xml version="1.0" encoding="UTF-8"?>
<record
    xmlns:xsi="http://www.w3.org/2001/XMLSchema-instance"
    xsi:schemaLocation="http://www.loc.gov/MARC21/slim http://www.loc.gov/standards/marcxml/schema/MARC21slim.xsd"
    xmlns="http://www.loc.gov/MARC21/slim">

  <leader>00315nam a2200145Ia 4500</leader>
  <controlfield tag="003">OSt</controlfield>
  <controlfield tag="008">191201s2014    xx            000 0 und d</controlfield>
  <datafield tag="082" ind1=" " ind2=" ">
    <subfield code="a">333.7 </subfield>
    <subfield code="b">BIE</subfield>
  </datafield>
  <datafield tag="100" ind1=" " ind2=" ">
    <subfield code="a">BIR, Ritu</subfield>
  </datafield>
  <datafield tag="245" ind1=" " ind2="0">
    <subfield code="a">Environmental Studies</subfield>
  </datafield>
  <datafield tag="260" ind1=" " ind2=" ">
    <subfield code="a">N. delhi</subfield>
    <subfield code="b">Vayu</subfield>
    <subfield code="c">2014</subfield>
  </datafield>
  <datafield tag="300" ind1=" " ind2=" ">
    <subfield code="a">180</subfield>
  </datafield>
  <datafield tag="650" ind1=" " ind2=" ">
    <subfield code="a">BBA</subfield>
  </datafield>
  <datafield tag="942" ind1=" " ind2=" ">
    <subfield code="2">ddc</subfield>
    <subfield code="c">BK</subfield>
  </datafield>
  <datafield tag="999" ind1=" " ind2=" ">
    <subfield code="c">6258</subfield>
    <subfield code="d">6258</subfield>
  </datafield>
  <datafield tag="952" ind1=" " ind2=" ">
    <subfield code="0">0</subfield>
    <subfield code="1">0</subfield>
    <subfield code="2">ddc</subfield>
    <subfield code="4">0</subfield>
    <subfield code="7">0</subfield>
    <subfield code="8">BBA</subfield>
    <subfield code="a">PIET</subfield>
    <subfield code="b">PIET</subfield>
    <subfield code="d">2015-02-19</subfield>
    <subfield code="e">KIRTI PRAKASHAN, NEW DELHI</subfield>
    <subfield code="g">150.00</subfield>
    <subfield code="k">IN2205</subfield>
    <subfield code="l">5</subfield>
    <subfield code="o">333.7 BIE</subfield>
    <subfield code="p">25656</subfield>
    <subfield code="r">2026-05-06 13:33:43</subfield>
    <subfield code="s">2026-05-06</subfield>
    <subfield code="v">97.50</subfield>
    <subfield code="w">2015-02-14</subfield>
    <subfield code="y">BK</subfield>
  </datafield>
  <datafield tag="952" ind1=" " ind2=" ">
    <subfield code="0">0</subfield>
    <subfield code="1">0</subfield>
    <subfield code="2">ddc</subfield>
    <subfield code="4">0</subfield>
    <subfield code="7">0</subfield>
    <subfield code="8">BBA</subfield>
    <subfield code="a">PIET</subfield>
    <subfield code="b">PIET</subfield>
    <subfield code="d">2015-02-19</subfield>
    <subfield code="e">KIRTI PRAKASHAN, NEW DELHI</subfield>
    <subfield code="g">150.00</subfield>
    <subfield code="k">IN2205</subfield>
    <subfield code="l">12</subfield>
    <subfield code="o">333.7 BIE</subfield>
    <subfield code="p">25657</subfield>
    <subfield code="r">2026-05-13 13:10:15</subfield>
    <subfield code="s">2026-05-01</subfield>
    <subfield code="v">97.50</subfield>
    <subfield code="w">2015-02-14</subfield>
    <subfield code="y">BK</subfield>
  </datafield>
  <datafield tag="952" ind1=" " ind2=" ">
    <subfield code="0">0</subfield>
    <subfield code="1">0</subfield>
    <subfield code="2">ddc</subfield>
    <subfield code="4">0</subfield>
    <subfield code="7">0</subfield>
    <subfield code="8">BBA</subfield>
    <subfield code="a">PIET</subfield>
    <subfield code="b">PIET</subfield>
    <subfield code="d">2015-02-19</subfield>
    <subfield code="e">KIRTI PRAKASHAN, NEW DELHI</subfield>
    <subfield code="g">150.00</subfield>
    <subfield code="k">IN2205</subfield>
    <subfield code="l">9</subfield>
    <subfield code="o">333.7 BIE</subfield>
    <subfield code="p">25658</subfield>
    <subfield code="r">2026-05-08 09:37:46</subfield>
    <subfield code="s">2026-05-06</subfield>
    <subfield code="v">97.50</subfield>
    <subfield code="w">2015-02-14</subfield>
    <subfield code="y">BK</subfield>
  </datafield>
  <datafield tag="952" ind1=" " ind2=" ">
    <subfield code="0">0</subfield>
    <subfield code="1">0</subfield>
    <subfield code="2">ddc</subfield>
    <subfield code="4">0</subfield>
    <subfield code="7">0</subfield>
    <subfield code="8">BBA</subfield>
    <subfield code="a">PIET</subfield>
    <subfield code="b">PIET</subfield>
    <subfield code="d">2015-02-19</subfield>
    <subfield code="e">KIRTI PRAKASHAN, NEW DELHI</subfield>
    <subfield code="g">150.00</subfield>
    <subfield code="k">IN2205</subfield>
    <subfield code="l">12</subfield>
    <subfield code="o">333.7 BIE</subfield>
    <subfield code="p">25659</subfield>
    <subfield code="r">2026-05-07 09:43:51</subfield>
    <subfield code="s">2026-05-01</subfield>
    <subfield code="v">97.50</subfield>
    <subfield code="w">2015-02-14</subfield>
    <subfield code="y">BK</subfield>
  </datafield>
  <datafield tag="952" ind1=" " ind2=" ">
    <subfield code="0">0</subfield>
    <subfield code="1">0</subfield>
    <subfield code="2">ddc</subfield>
    <subfield code="4">0</subfield>
    <subfield code="7">0</subfield>
    <subfield code="8">BBA</subfield>
    <subfield code="a">PIET</subfield>
    <subfield code="b">PIET</subfield>
    <subfield code="d">2015-02-19</subfield>
    <subfield code="e">KIRTI PRAKASHAN, NEW DELHI</subfield>
    <subfield code="g">150.00</subfield>
    <subfield code="k">IN2205</subfield>
    <subfield code="l">16</subfield>
    <subfield code="o">333.7 BIE</subfield>
    <subfield code="p">25660</subfield>
    <subfield code="r">2026-05-13 13:10:50</subfield>
    <subfield code="s">2026-04-29</subfield>
    <subfield code="v">97.50</subfield>
    <subfield code="w">2015-02-14</subfield>
    <subfield code="y">BK</subfield>
  </datafield>
  <datafield tag="952" ind1=" " ind2=" ">
    <subfield code="0">0</subfield>
    <subfield code="1">0</subfield>
    <subfield code="2">ddc</subfield>
    <subfield code="4">0</subfield>
    <subfield code="7">0</subfield>
    <subfield code="8">BBA</subfield>
    <subfield code="a">PIET</subfield>
    <subfield code="b">PIET</subfield>
    <subfield code="d">2015-02-19</subfield>
    <subfield code="e">KIRTI PRAKASHAN, NEW DELHI</subfield>
    <subfield code="g">150.00</subfield>
    <subfield code="k">IN2205</subfield>
    <subfield code="l">1</subfield>
    <subfield code="o">333.7 BIE</subfield>
    <subfield code="p">25661</subfield>
    <subfield code="r">2024-06-05 00:00:00</subfield>
    <subfield code="s">2020-02-25</subfield>
    <subfield code="v">97.50</subfield>
    <subfield code="w">2015-02-14</subfield>
    <subfield code="y">BK</subfield>
    <subfield code="z">Price Paid</subfield>
  </datafield>
  <datafield tag="952" ind1=" " ind2=" ">
    <subfield code="0">0</subfield>
    <subfield code="1">0</subfield>
    <subfield code="2">ddc</subfield>
    <subfield code="4">0</subfield>
    <subfield code="7">0</subfield>
    <subfield code="8">BBA</subfield>
    <subfield code="a">PIET</subfield>
    <subfield code="b">PIET</subfield>
    <subfield code="d">2015-02-19</subfield>
    <subfield code="e">KIRTI PRAKASHAN, NEW DELHI</subfield>
    <subfield code="g">150.00</subfield>
    <subfield code="k">IN2205</subfield>
    <subfield code="l">7</subfield>
    <subfield code="o">333.7 BIE</subfield>
    <subfield code="p">25662</subfield>
    <subfield code="r">2026-05-13 13:10:31</subfield>
    <subfield code="s">2026-04-29</subfield>
    <subfield code="v">97.50</subfield>
    <subfield code="w">2015-02-14</subfield>
    <subfield code="y">BK</subfield>
    <subfield code="z">.</subfield>
  </datafield>
  <datafield tag="952" ind1=" " ind2=" ">
    <subfield code="0">0</subfield>
    <subfield code="1">0</subfield>
    <subfield code="2">ddc</subfield>
    <subfield code="4">0</subfield>
    <subfield code="7">0</subfield>
    <subfield code="8">BBA</subfield>
    <subfield code="a">PIET</subfield>
    <subfield code="b">PIET</subfield>
    <subfield code="d">2015-02-19</subfield>
    <subfield code="e">KIRTI PRAKASHAN, NEW DELHI</subfield>
    <subfield code="g">150.00</subfield>
    <subfield code="k">IN2205</subfield>
    <subfield code="l">11</subfield>
    <subfield code="o">333.7 BIE</subfield>
    <subfield code="p">25663</subfield>
    <subfield code="r">2026-05-13 13:58:21</subfield>
    <subfield code="s">2026-05-05</subfield>
    <subfield code="v">97.50</subfield>
    <subfield code="w">2015-02-14</subfield>
    <subfield code="y">BK</subfield>
  </datafield>
  <datafield tag="952" ind1=" " ind2=" ">
    <subfield code="0">0</subfield>
    <subfield code="1">0</subfield>
    <subfield code="2">ddc</subfield>
    <subfield code="4">0</subfield>
    <subfield code="7">0</subfield>
    <subfield code="8">BBA</subfield>
    <subfield code="a">PIET</subfield>
    <subfield code="b">PIET</subfield>
    <subfield code="d">2015-02-19</subfield>
    <subfield code="e">KIRTI PRAKASHAN, NEW DELHI</subfield>
    <subfield code="g">150.00</subfield>
    <subfield code="k">IN2205</subfield>
    <subfield code="l">7</subfield>
    <subfield code="o">333.7 BIE</subfield>
    <subfield code="p">25664</subfield>
    <subfield code="r">2026-04-01 00:00:00</subfield>
    <subfield code="s">2026-03-18</subfield>
    <subfield code="v">97.50</subfield>
    <subfield code="w">2015-02-14</subfield>
    <subfield code="y">BK</subfield>
  </datafield>
</record>
